01376pam a2200337 i 4500001001000000003000900010005001700019008004100036020003000077040004300107082001700150100004200167245018100209250001900390250003200409264004300441264001000484300006300494336002600557337002800583338002700611504005200638650003200690653002400722655002400746700004100770700003300811942001200844999001700856952016500873016564543EG-ScBUE20260311094758.0131202t2014 enka f b 001 0 eng d a9781408093764 (paperback) aEG-ScBUEbengerdacEG-ScBUEdEG-ScBUE04a572bGAR2221 aGarrett, Reginald H.,937034eauthor.10aBiochemistry /cReginald H. Garrett, University of Virginia, Charles M. Grisham, University of Virginia ; with molecular graphic images by Michal Sabat, University of Virginia. aFifth edition. aCengage technology edition. 1aHampshire :bCengage Learning,c[2014] 1cc2014 a1 volume (various pagings) :bcolor illustrations ;c25 cm 2rdacontentatextbtxt aunmediated2rdamediabn avolumebnc2rdacarrier aIncludes bibliographical references and index.  7aBiochemistry.9183682BUEsh bPPhrmcDecember2014 vReading book9342321 aGrisham, Charles M.,937035eauthor.1 aSabat, Michal,eillustrator. 2ddccBB c18819d18791 00102ddc40708BaccahaMAINbMAINc1STd2014-12-23epurchaseg520.00h21291l2m2o572 GARp000037239r2026-04-15 00:00:00s2019-12-10v650.00w2014-12-23yBB